| 000 | 00383cam a22001217a 4500 | ||
|---|---|---|---|
| 008 | 180718b1959 xxu||||| |||| 00| 0 eng d | ||
| 082 | _aA99 N315/In2 | ||
| 245 |
_aJawaharlal Nehru seventy years _cby Indo Soviet Cultural Society |
||
| 260 |
_aBombay _bIndo-Soviet Cultural Society _c1959 |
||
| 300 | _a59p. | ||
| 650 | _aNehru, Jawaharlal, 1889 | ||
| 700 | _aIndo-Soviet Cultural Society | ||
| 999 |
_c370271 _d370271 |
||